Statistics for 2002 World Cup Winners - Brazil

Click here to take the quiz!

General Stats

  • This quiz has been taken 28 times
  • The average score is 15 of 23

Answer Stats

#PositionAnswer% Correct
9FWRonaldo
100%
11MFRonaldinho
100%
2DFCafu
96%
10MFRivaldo
96%
6DFRoberto Carlos
96%
12GKDida
89%
23MFKaká
86%
8MFGilberto Silva
86%
3DFLúcio
86%
19MFJuninho Paulista
68%
1GKMarcos
68%
22GKRogério Ceni
64%
5DFEdmílson
61%
15MFKléberson
57%
4DFRoque Júnior
54%
16DFJúnior
54%
17FWDenílson
54%
21FWLuizão
50%
7MFRicardinho
46%
14DFÂnderson Polga
36%
18MFVampeta
36%
20FWEdílson
36%
13DFJuliano Belletti
25%

Score Distribution

Percentile by Number Answered

Percent of People with Each Score

Your Score History

You have not taken this quiz